Statistics for Top scorers in the Fifa World Cup 2014

Click here to take the quiz!

General Stats

  • This quiz has been taken 218 times
    (202 since last reset)
  • The average score is 16 of 26

Answer Stats

GoalsCountryPlayer Names% Correct
4ArgentinaMessi
98%
4BrazilNeymar
98%
5GermanyMuller
97%
6ColombiaRodriguez
93%
3NetherlandsRobben
90%
4NetherlandsVan Persie
90%
3FranceBenzema
82%
2UruguaySuarez
75%
3SwitzerlandShaqiri
70%
2ChileSanchez
66%
3EcuadorValencia
66%
2GermanyKroos
65%
2AustraliaCahill
62%
2CroatiaMandzukic
61%
2BrazilOscar
59%
3GermanySchurrle
57%
2Costa RicaRuiz
47%
2Ivory CoastGervinho
45%
2CroatiaPerisic
45%
2NetherlandsDepay
42%
2GhanaGyan
38%
2AlgeriaSlimani
38%
2BrazilDavid Luiz
35%
2Ivory CoastBony
29%
2ColombiaMartinez
28%
2AlgeriaDjabou
11%

Score Distribution

Percentile by Number Answered

Percent of People with Each Score

Your Score History

You have not taken this quiz since the last reset